[Event "I. CLANSKA LIGA ZAHOD 2024"]
[Site "Komenda"]
[Date "2024.09.27"]
[Round "1.1"]
[White "Milenkovic, Mladen"]
[Black "Furlan, Miha"]
[Result "1/2-1/2"]
[WhiteElo "2295"]
[BlackElo "2214"]
[PlyCount "131"]
[EventDate "2024.09.27"]
[WhiteTeam "SD DOMZALE"]
[BlackTeam "SK TREBNJE BMP"]

1. c4 c6 2. e4 d5 3. exd5 cxd5 4. d4 Nf6 5. Nc3 g6 6. Qb3 Bg7 7. cxd5 O-O 8. g3
e6 9. Bg2 Nxd5 10. Nge2 Nc6 11. O-O Nxd4 12. Nxd4 Bxd4 13. Nxd5 exd5 14. Bh6
Bg7 15. Bxg7 Kxg7 16. Bxd5 Qf6 17. Rfc1 Be6 18. Bxe6 Qxe6 19. Qxb7 Rab8 20.
Qxa7 Rxb2 21. Qd4+ Qf6 22. Qxf6+ Kxf6 23. a4 Ra8 24. Rc6+ Kg7 25. a5 Ra7 26. a6
h5 27. Kg2 Kf8 28. Kf3 Ke7 29. Ke3 Kd7 30. Rf6 Ke7 31. Rf4 Rb6 32. Rfa4 Rd6 33.
h3 Kf6 34. Kf4 Re6 35. Ra5 Kg7 36. R1a2 Kf6 37. f3 Kg7 38. R2a3 Kf6 39. g4 hxg4
40. fxg4 Kg7 41. h4 Kh6 42. Kg3 Kg7 43. g5 Kg8 44. h5 gxh5 45. Kh4 Kg7 46. Kxh5
Rd6 47. Kg4 Re6 {(=)} 48. Kf4 Kf8 49. Ra1 Kg7 50. Kf5 Kf8 51. R5a3 Ke7 52. Ra4
Kf8 53. Ra5 Kg7 54. R5a2 Kf8 55. Ra4 Kg7 56. g6 Rxg6 57. Ke5 Kf8 58. Kd5 Ke7
59. Kc5 Kd7 60. Kb5 Kc7 61. Rc4+ Kb8 62. Rc5 Re7 63. a7+ Rxa7 64. Rxa7 Kxa7 65.
Rc7+ Kb8 66. Rxf7 1/2-1/2

[Event "I. CLANSKA LIGA ZAHOD 2024"]
[Site "Komenda"]
[Date "2024.09.27"]
[Round "1.1"]
[White "Brcar, Ales"]
[Black "Plaskan, Jure"]
[Result "1/2-1/2"]
[WhiteElo "2182"]
[BlackElo "2239"]
[PlyCount "98"]
[EventDate "2024.09.27"]
[WhiteTeam "SK TREBNJE BMP"]
[BlackTeam "SD DOMZALE"]

1. e4 c5 2. Nf3 e6 3. c3 d5 4. exd5 exd5 5. d4 Bd6 6. dxc5 Bxc5 7. Bb5+ Nc6 8.
O-O Nge7 9. Nbd2 O-O 10. Nb3 Bb6 11. Re1 Qd6 12. Be3 Bxe3 13. Rxe3 Bg4 14. Bd3
h6 15. h3 Bh5 16. Qe1 Bg6 17. Rd1 Rad8 18. Nbd4 Bxd3 19. Rexd3 Qf6 20. Nc2 Ng6
21. Ne3 Rfe8 22. Qf1 Nce7 23. Nxd5 Rxd5 24. Rxd5 Nxd5 25. Rxd5 Nf4 26. Qb5 Re4
27. Re5 Qg6 28. g3 Nxh3+ 29. Kg2 Nf4+ 30. Kf1 Rxe5 31. Qxe5 Qd3+ 32. Kg1 Qxf3
33. gxf4 Qg4+ 34. Kf1 Qc8 35. b3 g6 36. c4 b6 37. f5 gxf5 38. Qd6 Kh7 39. Qe7
Kg6 40. Qxa7 Qc6 41. Qb8 Kh7 42. Qe5 Qh1+ 43. Ke2 Qb1 44. Kf3 h5 45. Qd5 Kg6
46. Qd6+ Kg7 47. Qe5+ Kh7 48. Qd5 Kg6 49. Qd6+ Kg7 1/2-1/2

[Event "I. CLANSKA LIGA ZAHOD 2024"]
[Site "Komenda"]
[Date "2024.09.27"]
[Round "1.1"]
[White "Turek, Lan Timotej"]
[Black "Opara, Jan"]
[Result "1-0"]
[WhiteElo "2017"]
[BlackElo "2072"]
[PlyCount "131"]
[EventDate "2024.09.27"]
[WhiteTeam "SD DOMZALE"]
[BlackTeam "SK TREBNJE BMP"]

1. e4 e5 2. Nf3 Nc6 3. Bc4 Bc5 4. c3 Nf6 5. d3 d6 6. O-O Bb6 7. Nbd2 O-O 8. Bb3
a6 9. Nc4 Ba7 10. Ne3 Bxe3 11. Bxe3 h6 12. h3 Qe7 13. Nh4 Kh7 14. Nf5 Bxf5 15.
exf5 d5 16. g4 d4 17. Bd2 dxc3 18. bxc3 Qd7 19. Bc2 Rfe8 20. Qe2 Rad8 21. Rad1
b5 22. Qf3 b4 23. Rfe1 bxc3 24. Bxc3 Nd4 25. Bxd4 Qxd4 26. Bb3 Re7 27. Re4 Qd6
28. Ra4 c5 29. h4 Nd5 30. f6 Nxf6 31. Rc1 Kg8 32. Bc4 Qd7 33. Rxa6 Qxg4+ 34.
Qxg4 Nxg4 35. f3 Ne3 36. Bb5 Rd4 37. Rxc5 Rxh4 38. Ra8+ Kh7 39. a4 Re6 40. Kf2
Nd1+ 41. Ke1 Rh1+ 42. Kd2 Rh2+ 43. Kxd1 Rg6 44. Rxe5 Rgg2 45. d4 Ra2 46. Bd3+
g6 47. Bb1 Rab2 48. Kc1 Rb4 49. Bd3 Rxd4 50. Be2 h5 51. Kc2 h4 52. Kc3 Rf4 53.
Ree8 h3 54. Rh8+ Kg7 55. Kd3 Rf5 56. Rag8+ Kf6 57. Re8 Rh1 58. Re4 Rd5+ 59. Ke3
g5 60. Kf2 Kg7 61. Rh5 f5 62. Re7+ Kg6 63. Reh7 Rh2+ 64. Kg3 g4 65. R5h6+ Kg5
66. f4# 1-0

[Event "I. CLANSKA LIGA ZAHOD 2024"]
[Site "Komenda"]
[Date "2024.09.27"]
[Round "1.1"]
[White "Marinsek, Tomaz"]
[Black "Markosek, Maj"]
[Result "1-0"]
[WhiteElo "2094"]
[BlackElo "1986"]
[PlyCount "135"]
[EventDate "2024.09.27"]
[WhiteTeam "SK TREBNJE BMP"]
[BlackTeam "SD DOMZALE"]

1. e4 e5 2. Nf3 Nc6 3. Bb5 a6 4. Ba4 Nf6 5. d4 exd4 6. e5 Ne4 7. O-O Be7 8.
Nxd4 Nxd4 9. Qxd4 Nc5 10. Nc3 Nxa4 11. Qxa4 O-O 12. Bf4 b5 13. Qe4 Rb8 14. Rad1
Bb7 15. Nd5 d6 16. Qe3 Re8 17. Nxe7+ Qxe7 18. exd6 Qxe3 19. Bxe3 cxd6 20. Rxd6
Rbc8 21. c3 Bc6 22. Rfd1 a5 23. h3 h6 24. R1d4 Re6 25. b3 Rxd6 26. Rxd6 Be4 27.
Bd4 a4 28. bxa4 bxa4 29. Ra6 Rc4 30. Rb6 Bd5 31. a3 Rc8 32. f3 Re8 33. Rb4 Bb3
34. Kf2 Bd1 35. Be3 Rc8 36. c4 Kf8 37. c5 Ke7 38. Re4+ Kf8 39. Bf4 f5 40. Rb4
Kf7 41. Bd6 Ke6 42. Ke3 g5 43. Kd4 g4 44. hxg4 fxg4 45. f4 h5 46. Rb7 g3 47.
Rg7 Bg4 48. Re7+ Kf6 49. Re3 Bd7 50. Rxg3 Bc6 51. Be5+ Ke6 52. Rg6+ Ke7 53. f5
Rd8+ 54. Bd6+ Kf7 55. Ke5 Re8+ 56. Re6 Bxg2 57. Rxe8 Kxe8 58. Ke6 h4 59. Be5
Bf1 60. c6 Bc4+ 61. Kf6 Bd3 62. c7 Kd7 63. Kg5 Bc4 64. Kxh4 Bd3 65. Kg5 Bc4 66.
f6 Bf7 67. Kh6 Be6 68. Kg7 1-0

[Event "I. CLANSKA LIGA ZAHOD 2024"]
[Site "Komenda"]
[Date "2024.09.27"]
[Round "1.1"]
[White "Markosek, Bine"]
[Black "Vospernik, Andrej"]
[Result "0-1"]
[WhiteElo "1989"]
[BlackElo "2009"]
[PlyCount "108"]
[EventDate "2024.09.27"]
[WhiteTeam "SD DOMZALE"]
[BlackTeam "SK TREBNJE BMP"]

1. e4 c6 2. d4 d5 3. exd5 cxd5 4. Bd3 Nc6 5. c3 Nf6 6. Bf4 g6 7. Nd2 Bf5 8.
Bxf5 gxf5 9. Ngf3 Rg8 10. O-O e6 11. Ne5 Nxe5 12. Bxe5 Bd6 13. Qa4+ Ke7 14. Nf3
Ne4 15. c4 f6 16. Bxd6+ Qxd6 17. Qb3 dxc4 18. Qxb7+ Qd7 19. Qb4+ Nd6 20. Rfe1
Rab8 21. Qd2 Ne4 22. Qh6 Qd5 23. Qxh7+ Kd6 24. Qxa7 Ra8 25. Qf7 Raf8 26. Qa7
Ra8 27. Qh7 Nd2 28. Nh4 Rh8 29. Qg6 Rag8 30. Nxf5+ Qxf5 31. Qxf5 exf5 32. Re3
f4 33. Ra3 Ne4 34. f3 Ng5 35. Ra6+ Kd5 36. Rxf6 Nxf3+ 37. Kf2 Nxd4 38. h3 f3
39. gxf3 Rxh3 40. Rd1 Rh2+ 41. Ke3 Ke5 42. Rxd4 Kxf6 43. Rxc4 Rxb2 44. Ra4 Rgg2
45. Ra6+ Ke7 46. a4 Rb4 47. a5 Ra2 48. Ra7+ Kd6 49. a6 Ra3+ 50. Kf2 Rba4 51.
Rh7 Rxa6 52. Kg3 Ke5 53. Rh5+ Kf6 54. Kg4 R6a4+ 0-1

[Event "I. CLANSKA LIGA ZAHOD 2024"]
[Site "Komenda"]
[Date "2024.09.27"]
[Round "1.1"]
[White "Dimnik, Miha"]
[Black "Osolin, Bogdan"]
[Result "1/2-1/2"]
[WhiteElo "1864"]
[BlackElo "1941"]
[PlyCount "60"]
[EventDate "2024.09.27"]
[WhiteTeam "SK TREBNJE BMP"]
[BlackTeam "SD DOMZALE"]

1. e4 Nc6 2. d4 d5 3. exd5 Qxd5 4. Nf3 e5 5. Nc3 Bb4 6. Bd2 Bxc3 7. Bxc3 exd4
8. Nxd4 Nxd4 9. Bxd4 Nf6 10. Bxf6 Qe6+ 11. Qe2 gxf6 12. O-O-O Qxe2 13. Bxe2 Be6
14. f4 Rd8 15. Bf3 Rxd1+ 16. Rxd1 c6 17. g4 O-O 18. f5 Bc8 19. Rd6 Kg7 20. h4
Re8 21. Kd2 h5 22. gxh5 Re5 23. h6+ Kxh6 24. Rxf6+ Kg7 25. Rd6 Bxf5 26. Rd8 Rb5
27. b3 Rc5 28. c3 Ra5 29. a4 Be6 30. c4 b5 1/2-1/2

[Event "I. CLANSKA LIGA ZAHOD 2024"]
[Site "Komenda"]
[Date "2024.09.27"]
[Round "1.2"]
[White "Herega, Nejc"]
[Black "Djuric, Petar"]
[Result "1/2-1/2"]
[WhiteElo "2196"]
[BlackElo "2186"]
[PlyCount "84"]
[EventDate "2024.09.27"]
[WhiteTeam "SK NOVA GORICA"]
[BlackTeam "SK STARI MAYR KRANJ"]

1. Nf3 c5 2. c4 Nf6 3. g3 g6 4. Bg2 Bg7 5. Nc3 Nc6 6. d4 cxd4 7. Nxd4 O-O 8. c5
Nxd4 9. Qxd4 Ne8 10. Qb4 d6 11. Be3 a5 12. Qa3 Rb8 13. Rd1 Be6 14. O-O Qc8 15.
Qxa5 dxc5 16. Bxc5 b6 17. Bxb6 Nd6 18. Bd4 Bxd4 19. Rxd4 Rxb2 20. Rc1 Qb8 21.
Bd5 Nf5 22. Rdd1 Qe5 23. Qa3 Rfb8 24. Bxe6 Qxe6 25. Rd8+ Kg7 26. Rxb8 Rxb8 27.
e3 h5 28. Ne2 h4 29. Qc3+ f6 30. Nd4 Nxd4 31. exd4 hxg3 32. hxg3 Qxa2 33. Qc7
Re8 34. Qd7 Qd2 35. Qxe8 Qxc1+ 36. Kg2 Qe1 37. d5 Qe5 38. Qc6 g5 39. Qd7 Kf7
40. Kg1 Qe1+ 41. Kg2 Qe4+ 42. Kg1 Qe5 1/2-1/2

[Event "I. CLANSKA LIGA ZAHOD 2024"]
[Site "Komenda"]
[Date "2024.09.27"]
[Round "1.2"]
[White "Mircic, Ivan"]
[Black "Zamar Kodelja, Jurij"]
[Result "1-0"]
[WhiteElo "2208"]
[BlackElo "2239"]
[PlyCount "87"]
[EventDate "2024.09.27"]
[WhiteTeam "SK STARI MAYR KRANJ"]
[BlackTeam "SK NOVA GORICA"]

1. Nf3 Nf6 2. e3 g6 3. d4 Bg7 4. Be2 O-O 5. b3 c5 6. O-O cxd4 7. exd4 d5 8. Ne5
Nc6 9. Bb2 Bf5 10. Nxc6 bxc6 11. Nd2 a5 12. a3 Nd7 13. Nf3 a4 14. b4 Qb8 15.
Qc1 Bg4 16. c4 Nb6 17. c5 Bxf3 18. Bxf3 Nc4 19. Bc3 e5 20. dxe5 Nxe5 21. Be2
Rd8 22. Rd1 Nd7 23. b5 Bf8 24. Bd4 Rc8 25. Rb1 cxb5 26. Rxb5 Qc7 27. Qg5 Qc6
28. Rc1 h6 29. Qd2 Rcb8 30. Qb4 Qc7 31. g3 Qc6 32. h4 h5 33. Rc2 Re8 34. Bf3
Ne5 35. Bxe5 Rxe5 36. Rb6 Qc7 37. Rb7 Qc6 38. Rb6 Qc7 39. Qb5 Rc8 40. c6 d4 41.
Qa6 Ree8 42. Rb7 Qe5 43. Qc4 Qf5 44. Rxf7 1-0

[Event "I. CLANSKA LIGA ZAHOD 2024"]
[Site "Komenda"]
[Date "2024.09.27"]
[Round "1.2"]
[White "Gregoric, Andraz"]
[Black "Kersic, Matej"]
[Result "1-0"]
[WhiteElo "2175"]
[BlackElo "2082"]
[PlyCount "97"]
[EventDate "2024.09.27"]
[WhiteTeam "SK NOVA GORICA"]
[BlackTeam "SK STARI MAYR KRANJ"]

1. e4 c5 2. Nf3 d6 3. c3 Nf6 4. h3 Nc6 5. Bd3 g6 6. Bc2 Bg7 7. O-O O-O 8. d4
cxd4 9. cxd4 Nb4 10. Bb3 d5 11. e5 Ne4 12. Nc3 Nxc3 13. bxc3 Nc6 14. c4 dxc4
15. Bxc4 Na5 16. Bd3 Be6 17. Be3 Bd5 18. Ng5 Rc8 19. Qg4 Rc3 20. Rad1 Rxd3 21.
Rxd3 Bc4 22. Rc3 Bxf1 23. Kxf1 Nc6 24. Rb3 h6 25. Nf3 Qd5 26. Qh4 Kh7 27. Ng5+
Kg8 28. Nf3 Kh7 29. Kg1 b6 30. Rc3 f6 31. exf6 exf6 32. Qg3 Rf7 33. Nh4 g5 34.
Nf3 Ne7 35. h4 Qxa2 36. hxg5 fxg5 37. Bxg5 hxg5 38. Nxg5+ Kg8 39. Nxf7 Qxf7 40.
Rc7 Nf5 41. Rc8+ Kh7 42. Qh3+ Nh6 43. Rc6 Qe8 44. Qd3+ Kh8 45. d5 Qe1+ 46. Qf1
Qe4 47. Rc8+ Kh7 48. d6 Ng4 49. d7 1-0

[Event "I. CLANSKA LIGA ZAHOD 2024"]
[Site "Komenda"]
[Date "2024.09.27"]
[Round "1.2"]
[White "Podvrsnik, Marko"]
[Black "Sundac, Ivano"]
[Result "1-0"]
[WhiteElo "2116"]
[BlackElo "2193"]
[PlyCount "109"]
[EventDate "2024.09.27"]
[WhiteTeam "SK STARI MAYR KRANJ"]
[BlackTeam "SK NOVA GORICA"]

1. d4 d5 2. Nf3 c5 3. c4 dxc4 4. d5 Nf6 5. Nc3 e6 6. e4 exd5 7. exd5 a6 8. a4
Bd6 9. Qe2+ Be7 10. Qd1 O-O 11. Bxc4 Bg4 12. O-O h6 13. Bf4 Bd6 14. Bg3 Re8 15.
Qd3 Bxg3 16. fxg3 Qd6 17. Rfe1 Nbd7 18. a5 Ne5 19. Qf1 Rad8 20. b3 Re7 21. Nd2
Ned7 22. Rxe7 Qxe7 23. Re1 Ne5 24. Qf2 Qc7 25. Ra1 Re8 26. Qf4 Qd8 27. Qf2 Qc7
28. Qf4 Nh5 29. Qf2 Nf6 30. Qf4 Bh5 31. h3 Bg6 32. g4 Qd6 33. Qf2 h5 34. gxh5
Bxh5 35. Nde4 Nxe4 36. Nxe4 Qg6 37. Ng3 Qg5 38. Nxh5 Qxh5 39. Rf1 Nd7 40. d6
Rf8 41. Kh1 Qg6 42. Qf4 Nf6 43. Re1 Nh5 44. Qe5 Rd8 45. Qe7 Rxd6 46. Qe8+ Kh7
47. Bxf7 Ng3+ 48. Kh2 Qf6 49. Kxg3 Rd3+ 50. Kh2 Qf4+ 51. Kg1 Qd4+ 52. Kh1 Rd1
53. Qg8+ Kh6 54. Qh8+ Kg5 55. Qh5+ 1-0

[Event "I. CLANSKA LIGA ZAHOD 2024"]
[Site "Komenda"]
[Date "2024.09.27"]
[Round "1.2"]
[White "Markocic, Tine"]
[Black "Skok, Boris"]
[Result "1-0"]
[WhiteElo "2077"]
[BlackElo "1956"]
[PlyCount "61"]
[EventDate "2024.09.27"]
[WhiteTeam "SK NOVA GORICA"]
[BlackTeam "SK STARI MAYR KRANJ"]

1. c4 e6 2. Nc3 d5 3. e3 Nf6 4. Nf3 a6 5. b3 c5 6. Bb2 Nc6 7. cxd5 exd5 8. d4
cxd4 9. Nxd4 Ne5 10. Be2 Bd6 11. Nf3 Nc6 12. O-O O-O 13. Rc1 Re8 14. h3 h6 15.
Bd3 Bc7 16. Ne2 Ne4 17. Ned4 Qd6 18. Qc2 Bd7 19. Rfd1 Ng5 20. Qc3 f6 21. Be2
Ne4 22. Qc2 Rec8 23. a3 Nxd4 24. Rxd4 Ng5 25. Rxd5 Nxf3+ 26. Bxf3 Qh2+ 27. Kf1
Bb5+ 28. Rxb5 Be5 29. Qxc8+ Rxc8 30. Rxc8+ Kh7 31. Be4+ 1-0

[Event "I. CLANSKA LIGA ZAHOD 2024"]
[Site "Komenda"]
[Date "2024.09.27"]
[Round "1.2"]
[White "Bulatovic, Milorad"]
[Black "Markocic, Spela"]
[Result "1-0"]
[WhiteElo "1942"]
[BlackElo "1896"]
[PlyCount "123"]
[EventDate "2024.09.27"]
[WhiteTeam "SK STARI MAYR KRANJ"]
[BlackTeam "SK NOVA GORICA"]

1. b4 d5 2. Bb2 Nf6 3. e3 Bg4 4. Nf3 e6 5. b5 Nbd7 6. Be2 Bd6 7. h3 Bxf3 8.
Bxf3 O-O 9. O-O e5 10. d3 Qe7 11. e4 dxe4 12. dxe4 Bc5 13. Qe2 Nb6 14. a4 a5
15. Nd2 Nfd7 16. Bg4 Nf6 17. Bf3 Bb4 18. c3 Bc5 19. Nb3 Rfd8 20. Rfd1 Rxd1+ 21.
Qxd1 Nc4 22. Bc1 Bb6 23. Qe2 Qe6 24. Bg5 Nd6 25. Nd2 h6 26. Bh4 Bc5 27. c4 Bb4
28. Bxf6 Qxf6 29. Nb3 Qe6 30. Rc1 b6 31. Bg4 Qg6 32. Bd7 Rd8 33. Bc6 Nc8 34.
Bd5 Ne7 35. Bb7 Qd6 36. Bd5 c6 37. bxc6 Nxc6 38. c5 bxc5 39. Qc4 Nd4 40. Bxf7+
Kh8 41. Na1 Rf8 42. Bd5 Qf6 43. Rf1 Qg5 44. Kh2 Qd2 45. Qa6 Ne2 46. Qg6 Qf4+
47. g3 Qd2 48. Nb3 Qd3 49. Kg2 c4 50. Nxa5 Bxa5 51. Qa6 Qf3+ 52. Kh2 Nxg3 53.
Rg1 Qxf2+ 54. Rg2 Nf1+ 55. Kh1 Qb6 56. Bxc4 Ne3 57. Rg6 Qb1+ 58. Kh2 Qxe4 59.
Rxh6+ Qh7 60. Rxh7+ Kxh7 61. Bd3+ Kh8 62. Qxa5 1-0

[Event "I. CLANSKA LIGA ZAHOD 2024"]
[Site "Komenda"]
[Date "2024.09.27"]
[Round "1.3"]
[White "Trussevich, Sergey"]
[Black "Brezovar, Matjaz"]
[Result "1-0"]
[WhiteElo "2209"]
[BlackElo "2182"]
[PlyCount "78"]
[EventDate "2024.09.27"]
[WhiteTeam "TAJFUN - SK LJUBLJANA"]
[BlackTeam "SK DOLENJSKE TOPLICE"]

1. c4 g6 2. e4 Bg7 3. d4 d6 4. Nc3 e5 5. Nf3 exd4 6. Nxd4 Nc6 7. Be3 Nge7 8.
Be2 O-O 9. g4 Nxd4 10. Bxd4 Bxd4 11. Qxd4 Nc6 12. Qe3 Be6 13. Rg1 Qf6 14. O-O-O
g5 15. h4 h6 16. hxg5 hxg5 17. Qh3 Kg7 18. Qe3 b6 19. Kb1 Rh8 20. Nd5 Qd8 21.
f4 Bxd5 22. cxd5 gxf4 23. Qxf4 Ne5 24. g5 Qe7 25. Rc1 a6 26. Rc3 Rae8 27. Rf1
b5 28. Qc1 Nd7 29. Rcf3 Ne5 30. Rf6 Rh2 31. Qe3 Reh8 32. Bd1 Rxb2+ 33. Ka1 Rhh2
34. Bb3 a5 35. Rh6 Rbe2 36. Qg3 Rhg2 37. Qh3 Qxg5 38. Rh7+ Kg6 39. Rh8 Rh2 {
nejasno (50)} 1-0

[Event "I. CLANSKA LIGA ZAHOD 2024"]
[Site "Komenda"]
[Date "2024.09.27"]
[Round "1.3"]
[White "Luzar, Emil"]
[Black "Marinko, Peter"]
[Result "1/2-1/2"]
[WhiteElo "2116"]
[BlackElo "2074"]
[PlyCount "82"]
[EventDate "2024.09.27"]
[WhiteTeam "SK DOLENJSKE TOPLICE"]
[BlackTeam "TAJFUN - SK LJUBLJANA"]

1. e4 d6 2. Nf3 Nf6 3. d3 g6 4. g3 Bg7 5. Bg2 O-O 6. O-O c5 7. c3 Nc6 8. Nbd2
Bd7 9. a4 Qc7 10. Nc4 Rad8 11. Bg5 h6 12. Bxf6 Bxf6 13. Ne3 e6 14. Nd2 Bg7 15.
f4 Ne7 16. g4 f5 17. h3 Kh7 18. Qe1 e5 19. Qh4 exf4 20. Nxf5 gxf5 21. Qxe7 fxg4
22. hxg4 Qc8 23. g5 Be6 24. gxh6 Rf7 25. Qh4 Bf6 26. Qh5 Rg8 27. Nf3 Rg3 28.
Kf2 Qg8 29. Rg1 d5 30. Rae1 Rd7 31. exd5 Bg4 32. Qe8 Qxd5 33. Ng5+ Qxg5 34.
Be4+ Kxh6 35. Rh1+ Rh3 36. Rxh3+ Bxh3 37. Rg1 Qh4+ 38. Kf3 Qh5+ 39. Qxh5+ Kxh5
40. Rh1 Bh4 41. Rxh3 Kg5 1/2-1/2

[Event "I. CLANSKA LIGA ZAHOD 2024"]
[Site "Komenda"]
[Date "2024.09.27"]
[Round "1.3"]
[White "Srebrnic, Vojko"]
[Black "Stubljar, Andrej"]
[Result "1/2-1/2"]
[WhiteElo "2074"]
[BlackElo "2017"]
[PlyCount "102"]
[EventDate "2024.09.27"]
[WhiteTeam "TAJFUN - SK LJUBLJANA"]
[BlackTeam "SK DOLENJSKE TOPLICE"]

1. c4 Nc6 2. Nc3 e5 3. g3 Bc5 4. Bg2 d6 5. e3 Nf6 6. Nge2 Bf5 7. d3 Qd7 8. a3
a5 9. Nd5 Nxd5 10. cxd5 Ne7 11. d4 Bb6 12. h3 f6 13. e4 Bg6 14. O-O O-O 15. Kh2
f5 16. exf5 Rxf5 17. Be3 exd4 18. Nxd4 Bxd4 19. Qxd4 Rff8 20. g4 Bf7 21. Rfd1
a4 22. Rac1 Ng6 23. Qc3 Rac8 24. Bd4 Be8 25. Be4 Nf4 26. Re1 Bg6 27. Bxg6 hxg6
28. Qc4 b5 29. Qc6 Qf7 30. Qxb5 Nxh3 31. Qe2 Nf4 32. Qf3 Rb8 33. Re3 Nxd5 34.
Qxf7+ Rxf7 35. Re2 c5 36. Be3 Nxe3 37. fxe3 Kf8 38. Rc4 Ra8 39. Kg3 Ke7 40. e4
Ra5 41. Rd2 Ke6 42. Rh2 Rb7 43. Kf4 d5 44. exd5+ Kxd5 45. Rc3 Rab5 46. Rd2+ Ke6
47. Kg5 Rxb2 48. Rxb2 Rxb2 49. Rxc5 Rb3 50. Kxg6 Rxa3 51. Ra5 Ra1 1/2-1/2

[Event "I. CLANSKA LIGA ZAHOD 2024"]
[Site "Komenda"]
[Date "2024.09.27"]
[Round "1.3"]
[White "Pucelj, Joze"]
[Black "Persl, Bojan"]
[Result "0-1"]
[WhiteElo "1986"]
[BlackElo "2040"]
[PlyCount "94"]
[EventDate "2024.09.27"]
[WhiteTeam "SK DOLENJSKE TOPLICE"]
[BlackTeam "TAJFUN - SK LJUBLJANA"]

1. Nf3 Nf6 2. d4 e6 3. Bf4 d5 4. e3 Be7 5. Ne5 Nbd7 6. Bd3 c5 7. c3 a6 8. Nd2
Nxe5 9. dxe5 Nd7 10. Qg4 g5 11. O-O-O h5 12. Qg3 h4 13. Qg4 gxf4 14. exf4 Bf8
15. Nf3 c4 16. Bc2 Nc5 17. Ng5 Nd3+ 18. Bxd3 cxd3 19. Rxd3 Bd7 20. g3 Bb5 21.
Rd2 Qd7 22. gxh4 O-O-O 23. f5 exf5 24. Qd4 Rh6 25. Rhd1 Kb8 26. Kb1 Qc7 27. Qf4
Rb6 28. Qxf5 Be8 29. Rc2 Ba4 30. b3 Bg7 31. Qxf7 Qxe5 32. f4 Qf6 33. Rxd5 Rxd5
34. Qxd5 Rd6 35. Qe5 Bc6 36. Nf7 Qxe5 37. fxe5 Rd1+ 38. Kb2 Re1 39. h5 Bxe5 40.
h6 Be4 41. Rf2 Rb1+ 42. Ka3 Bxc3 43. Ng5 Bc6 44. h7 a5 45. h8=Q+ Bxh8 46. Rf8+
Ka7 47. Rxh8 b5 0-1

[Event "I. CLANSKA LIGA ZAHOD 2024"]
[Site "Komenda"]
[Date "2024.09.27"]
[Round "1.3"]
[White "Belyaletdinov, Leonard"]
[Black "Janko, Roman"]
[Result "1-0"]
[WhiteElo "1843"]
[BlackElo "1917"]
[PlyCount "68"]
[EventDate "2024.09.27"]
[WhiteTeam "TAJFUN - SK LJUBLJANA"]
[BlackTeam "SK DOLENJSKE TOPLICE"]

1. e4 e5 2. Bc4 Nf6 3. d3 g6 4. Nf3 Nc6 5. Ng5 d5 6. exd5 Nxd5 7. Qf3 Be6 8.
Nxe6 fxe6 9. Qg4 Qf6 10. Nc3 Bb4 11. O-O Bxc3 12. bxc3 O-O 13. Bh6 Rf7 14. f4
Qf5 15. Qe2 Nxc3 16. Qd2 Nd5 17. fxe5 Qxe5 18. Rxf7 Qxa1+ 19. Rf1 Qd4+ 20. Kh1
Ne5 21. Qe2 Re8 22. c3 Nxc3 23. Bxe6+ Kh8 24. Qd2 Nxd3 25. Be3 Qe5 26. Qxd3
Qxe6 27. Qxc3+ Kg8 28. Bh6 Qe7 29. Qc4+ Kh8 30. Qd4+ Kg8 31. Qd5+ Kh8 32. Qxb7
Qe2 33. Qb1 Qe5 34. Qb4 Qf6 1-0

[Event "I. CLANSKA LIGA ZAHOD 2024"]
[Site "Komenda"]
[Date "2024.09.27"]
[Round "1.3"]
[White "Voglar, Peter"]
[Black "Glavac, Leo"]
[Result "1-0"]
[WhiteElo "1858"]
[BlackElo "1798"]
[PlyCount "109"]
[EventDate "2024.09.27"]
[WhiteTeam "SK DOLENJSKE TOPLICE"]
[BlackTeam "TAJFUN - SK LJUBLJANA"]

1. c4 c6 2. d4 d5 3. Nc3 Nf6 4. Nf3 a6 5. cxd5 cxd5 6. Bf4 Nc6 7. e3 Bf5 8. Bd3
Bxd3 9. Qxd3 e6 10. O-O Bd6 11. Bg5 O-O 12. Rfc1 Rc8 13. Na4 Qa5 14. Bxf6 gxf6
15. Qb3 b5 16. Nc5 Rc7 17. Ne1 Rfc8 18. Ned3 Qb6 19. Qd1 f5 20. f4 a5 21. a3 a4
22. Qh5 Be7 23. Rf1 Bf6 24. Rf3 Ne7 25. Rh3 Ng6 26. Qxh7+ Kf8 27. Qh5 Qa5 28.
Qe2 Ke7 29. Rh7 Rh8 30. Rxh8 Bxh8 31. Rc1 Bf6 32. Rc2 Qa7 33. Qd2 Qb6 34. Qb4
Qd6 35. Qxb5 Kf8 36. Qxa4 Kg7 37. Qa5 Rc8 38. Nb7 Qb8 39. Rxc8 Qxc8 40. Nbc5
Kg8 41. Qe1 Bh4 42. Qe2 Qa8 43. a4 Bd8 44. b4 Qb8 45. Qb2 Bc7 46. Na6 Qb6 47.
Nxc7 Qxc7 48. Nc5 Nxf4 49. exf4 Qxf4 50. Qc3 Kf8 51. h3 e5 52. Nd7+ Kg7 53.
Nxe5 Qe4 54. b5 f4 55. Kh2 1-0

[Event "I. CLANSKA LIGA ZAHOD 2024"]
[Site "Komenda"]
[Date "2024.09.27"]
[Round "1.4"]
[White "Praznik, Niko"]
[Black "Stevanic, David"]
[Result "1/2-1/2"]
[WhiteElo "2313"]
[BlackElo "2242"]
[PlyCount "113"]
[EventDate "2024.09.27"]
[WhiteTeam "SD VRHNIKA"]
[BlackTeam "SK KOCEVJE"]

1. e4 e5 2. Nf3 Nc6 3. Bc4 Nf6 4. d3 Bc5 5. c3 O-O 6. Bb3 d5 7. Nbd2 Bg4 8. h3
Be6 9. O-O h6 10. Re1 Re8 11. Ba4 dxe4 12. dxe4 Qd6 13. b4 Bb6 14. Qe2 a5 15.
b5 Nb8 16. Nc4 Bxc4 17. Qxc4 Nbd7 18. Bb3 Qe7 19. a4 Nh5 20. Ra2 Bc5 21. Nh4
Nb6 22. Nf5 Nxc4 23. Nxe7+ Rxe7 24. Bxc4 Rd8 25. Bd5 b6 26. Rd1 Rd6 27. c4 Nf4
28. Bxf4 exf4 29. Kf1 Rxe4 30. Re1 Rxe1+ 31. Kxe1 Rd7 32. Re2 Kf8 33. Kd2 Re7
34. Kd3 Rxe2 35. Kxe2 Ke7 36. Kf3 g5 37. g3 fxg3 38. fxg3 f5 39. Bg8 Kf6 40. g4
Ke5 41. gxf5 Kxf5 42. Bh7+ Ke5 43. Kg4 Kd4 44. Bc2 Kxc4 45. Kh5 Be3 46. Bd1 Bf4
47. Bg4 Kb4 48. Bd1 c5 49. bxc6 b5 50. axb5 Kxb5 51. c7 Bxc7 52. Kxh6 Bd8 53.
Kh5 a4 54. Bxa4+ Kxa4 55. h4 gxh4 56. Kg4 h3 57. Kxh3 1/2-1/2

[Event "I. CLANSKA LIGA ZAHOD 2024"]
[Site "Komenda"]
[Date "2024.09.27"]
[Round "1.4"]
[White "Acimovic, Vasja"]
[Black "Justin, Matjaz"]
[Result "0-1"]
[WhiteElo "2287"]
[BlackElo "2215"]
[PlyCount "126"]
[EventDate "2024.09.27"]
[WhiteTeam "SK KOCEVJE"]
[BlackTeam "SD VRHNIKA"]

1. d4 Nf6 2. Bf4 d5 3. e3 e6 4. c3 Bd6 5. Bg3 Ne4 6. Nd2 Nxg3 7. hxg3 c5 8. Bd3
Nc6 9. Ngf3 a6 10. Qe2 g6 11. Rd1 c4 12. Bb1 f5 13. g4 Qf6 14. Ng1 Bd7 15. f4
O-O-O 16. g5 Qg7 17. b3 b5 18. a4 h6 19. axb5 axb5 20. gxh6 Rxh6 21. Rxh6 Qxh6
22. Ndf3 Kc7 23. Rd2 cxb3 24. Qxb5 Rb8 25. Qe2 Na5 26. Bd3 Qf8 27. Kf2 Ba3 28.
Ne5 Bc1 29. Rd1 b2 30. Bb1 Bb5 31. Qe1 Qa3 32. Ne2 Nb3 33. Qh1 Qe7 34. Nxg6 Qg7
35. Ne5 Rg8 36. g4 Bxe2 37. Kxe2 fxg4 38. Qg2 g3 39. Rh1 Nd2 40. Bd3 Rh8 41.
Rxh8 Qxh8 42. Qxg3 Ne4 43. Qg2 Nxc3+ 44. Kf3 Qh5+ 45. Ng4 Ne4 46. Qc2+ Kd8 47.
Bxe4 dxe4+ 48. Kg3 Qb5 49. Qb1 Qd3 50. Qa2 b1=Q 51. Qa5+ Kc8 52. Qa8+ Kc7 53.
Qa7+ Qb7 54. Qc5+ Kb8 55. Qf8+ Qc8 56. Qb4+ Ka8 57. Qa5+ Qda6 58. Qe5 Qcc6 59.
Qh8+ Qac8 60. Qe5 Qd5 61. Qg7 Bxe3 62. Nxe3 Qc3 63. Qf8+ Ka7 0-1

[Event "I. CLANSKA LIGA ZAHOD 2024"]
[Site "Komenda"]
[Date "2024.09.27"]
[Round "1.4"]
[White "Siraj, Anej"]
[Black "Acimovic, Sergej"]
[Result "1-0"]
[WhiteElo "2075"]
[BlackElo "2120"]
[PlyCount "131"]
[EventDate "2024.09.27"]
[WhiteTeam "SD VRHNIKA"]
[BlackTeam "SK KOCEVJE"]

1. e4 c5 2. Nf3 Nc6 3. c4 Nd4 4. Nxd4 cxd4 5. Be2 d6 6. Na3 g6 7. d3 Bg7 8. O-O
e6 9. f4 Ne7 10. Bd2 O-O 11. Rb1 a6 12. Bf3 Rb8 13. b4 b5 14. Qc2 Bd7 15. Rfc1
Bc6 16. Qb3 Qd7 17. Nc2 Qa7 18. Kh1 Rfc8 19. Qa3 bxc4 20. dxc4 Qa8 21. Qd3 f5
22. Re1 fxe4 23. Bxe4 Nf5 24. Bxc6 Qxc6 25. Rxe6 Qxc4 26. Re8+ Kf7 27. Qxc4+
Rxc4 28. Rxb8 Rxc2 29. Be1 d3 30. a4 d5 31. b5 axb5 32. axb5 Bc3 33. b6 Bxe1
34. b7 d2 35. Rc8 Rb2 36. b8=Q Rxb8 37. Rcxb8 Ne3 38. R8b3 d1=Q 39. Rxd1 Nxd1
40. Rb1 Nc3 41. Rxe1 d4 42. Rc1 Ke6 43. g4 Kd5 44. f5 gxf5 45. gxf5 Ke5 46. Kg2
Kxf5 47. Kf3 Ke5 48. Rg1 Kf5 49. Rg7 Ne4 50. h4 Nf6 51. Rg5+ Ke6 52. Ra5 Kf7
53. Ra4 d3 54. Rd4 Kg6 55. Rxd3 Kh5 56. Rd4 Ng8 57. Kg3 Ne7 58. Kh3 Ng6 59. Ra4
Kh6 60. Ra3 Nf8 61. Kg4 Ng6 62. Ra6 Kg7 63. Kg5 Ne5 64. Ra7+ Nf7+ 65. Kf5 h5
66. Ke6 1-0